ETYLÉN A PROPYLÉN (I.) Primárne produkty chemického priemyslu na báze ropy

Bibliographic Details
Main Authors: Šimkovicová, A. (Author), Kossaczký, Elemír, 1924-2014 (Author), Sitnai, O. (Author), Spitzer, P. (Author)
Format: Article
Language:Slovak

MARC

LEADER 00000nab a2200000uu 4500
001 vtls011152854
003 SK-MaSNL
005 20260303111902.0
008 230121|1961 xo |||||||||||||||||slo|
015 |a SNBRB 
035 |a (urnnbn)urn:nbn:sk:snk:ar-a0a4my 
035 |a (uuid)8a7dbd97-a5b8-42d5-88c9-12ca76ccbf10 
035 |a urn:nbn:sk:snk-abb1yf 
040 |a SNKBUCL  |b slo  |c SNKBUCL  |e AACR2 
041 0 |a slo 
044 |a xo  |c SK 
100 1 |a Šimkovicová, A.  |4 aut  |9 1119370 
245 1 0 |a ETYLÉN A PROPYLÉN (I.)  |b Primárne produkty chemického priemyslu na báze ropy  |c A. Šimkovicová, E. Kossaczký, O. Sitnai, P. Spitzer 
700 1 |a Kossaczký, Elemír,  |d 1924-2014  |4 aut  |9 208372 
700 1 |a Sitnai, O.  |4 aut  |9 1119358 
700 1 |a Spitzer, P.  |4 aut  |9 1119371 
773 0 |t Ropa a uhlie : technológia ropy a uhľovodíkových plynov, chemické zužitkovanie uhlia, palivá, technika mazania  |g Roč. 3(11), č. 4 (1961), s. 106-108 
954 |a odborná, vedecká literatúra pôvodná (slovenská)  |2 lita 
958 |a OND 
958 |a EUIPO 
958 |a article14 
999 |c 1880149  |d 1882079